Centrální banky a využití ražebného: studie transformujících se ekonomik

Analýza procesu vzniku razobného centrálnych bánk a jeho distribúcia medzi makrosektory v krajinách s transformujúcou sa ekonomikou za r. 1993 v porovnaní s Rakúskom a SRN. Význam nezávislosti centrálnych bánk. Legislatíva centrálnej banky potrebná pre vznik razobného v sledovaných krajinách.

Na minha lista:
Detalhes bibliográficos
Autor principal: Hochreiter, E.
Outros Autores: Rovelli, R., Winckler, G.
Formato: Capítulo de Livro
Idioma:tcheco
Assuntos:
Tags: Adicionar Tag
Sem tags, seja o primeiro a adicionar uma tag!

MARC

LEADER 00000naa a2200000 4500
001 r026807
005 20230912090206.0
041 0 |a cze 
044 |a CZ 
245 1 0 |a Centrální banky a využití ražebného: studie transformujících se ekonomik  |c E. Hochreiter, R. Rovelli, G. Winckler 
520 |a Analýza procesu vzniku razobného centrálnych bánk a jeho distribúcia medzi makrosektory v krajinách s transformujúcou sa ekonomikou za r. 1993 v porovnaní s Rakúskom a SRN. Význam nezávislosti centrálnych bánk. Legislatíva centrálnej banky potrebná pre vznik razobného v sledovaných krajinách. 
610 2 0 |a banky centrálne 
610 2 0 |a transformácia 
610 2 0 |a SVE 
610 2 0 |a peniaze 
610 2 0 |a porovnanie medzinárodné 
610 2 0 |a Rakúsko 
610 2 0 |a Nemecko 
610 2 0 |a produkt domáci hrubý 
610 2 0 |a legislatíva 
100 1 |a Hochreiter, E. 
700 1 |a Rovelli, R. 
700 1 |a Winckler, G.